東急電鉄の電車が譲渡された鉄道会社 - Statistics

General Stats
  • This quiz has been taken 18 times
  • The average score is 15 of 28
Answer Stats
回答 % Correct
上田電鉄
86%
伊豆急行
86%
福島交通
79%
一畑電車
79%
弘南鉄道
71%
西武鉄道
71%
秩父鉄道
71%
長野電鉄
71%
北陸鉄道
71%
養老鉄道
71%
伊賀鉄道
71%
富山地方鉄道
64%
松本電気鉄道
57%
伊予鉄道
57%
豊橋鉄道
50%
水間鉄道
50%
十和田観光電鉄
43%
横浜高速鉄道
43%
名古屋鉄道
43%
岳南鉄道
36%
近江鉄道
36%
熊本電気鉄道
36%
大井川鐵道
29%
京福電鉄
29%
PT. Kereta Api
21%
定山渓鉄道
14%
江ノ島鎌倉観光
14%
加悦鉄道
0%
No matching quizzes found
Score Distribution
Percent of People with Each Score
Percentile by Number Answered
Your Score History
You have not taken this quiz